[Event "GER-ch U18 Girls"]
[Site "Willingen"]
[Date "2016.05.15"]
[Round "1"]
[White "Koch, Elisabeth"]
[Black "Holschuh, Paulina"]
[Result "1-0"]
[WhiteElo "1705"]
[BlackElo "1042"]
[PlyCount "77"]
[EventDate "2016.05.15"]
[EventType "swiss"]
[EventRounds "9"]
[EventCountry "GER"]
[SourceTitle "CBM 172 Extra"]
[Source "ChessBase"]
[SourceDate "2016.06.21"]
[SourceVersion "1"]
[SourceVersionDate "2016.06.21"]
[SourceQuality "1"]

1. e4 e5 2. Nf3 Nc6 3. Bc4 Bc5 4. d3 Nf6 5. c3 Qe7 6. 0-0 d6 7. d4 Bb6 8. d5 Nb8 9. Qd3 0-0 10. Be3 Nbd7 11. b4 Nh5 12. g3 f5 13. Bxb6 Nxb6 14. Nbd2 f4 15. Bb3 Rf6 16. Rfc1 Rg6 17. Nf1 Bh3 18. N3d2 Bg4 19. Bd1 Bxd1 20. Rxd1 Qg5 21. c4 Nd7 22. Kh1 Ndf6 23. Nf3 Qg4 24. Nh4 Rg5 25. Qf3 Qh3 26. Qg2 Qg4 27. Nf5 f3 28. Qg1 Qh3 29. Rd3 Qg4 30. h4 Rg6 31. Ne7+ Kf8 32. Nxg6+ Qxg6 33. Nd2 Qg4 34. Re1 Qh3+ 35. Qh2 Qg4 36. Rxf3 Kg8 37. Kg2 Nf4+ 38. Kh1 Rf8 39. gxf4 1-0

[Event "GER-chT Federal Cup (Women)"]
[Site "Braunfels"]
[Date "2015.06.05"]
[Round "3.8"]
[White "Holschuh, Paulina"]
[Black "Ratay, Meike"]
[Result "0-1"]
[WhiteElo "1028"]
[BlackElo "1544"]
[PlyCount "40"]
[EventDate "2015.06.04"]
[EventType "team-swiss"]
[EventRounds "5"]
[EventCountry "GER"]
[SourceTitle "CBM 167 Extra"]
[Source "ChessBase"]
[SourceDate "2015.09.14"]
[SourceVersion "1"]
[SourceVersionDate "2015.09.14"]
[SourceQuality "1"]
[WhiteTeam "Saarland (W)"]
[BlackTeam "Thueringen (W)"]
[WhiteTeamCountry "GER"]
[BlackTeamCountry "GER"]

1. e4 e5 2. Nf3 Nc6 3. Nc3 Nf6 4. Bc4 Bc5 5. d3 h6 6. Be3 Bb6 7. Nd5 d6 8. Qe2 Be6 9. 0-0 0-0 10. Rad1 Re8 11. d4 exd4 12. Nxd4 Bxd4 13. Bxd4 Bxd5 14. Bxf6 Bxc4 15. Qxc4 Qxf6 16. c3 Qe5 17. Rfe1 Qf4 18. h3 Re6 19. Rd3 Ne5 20. Rf3 Nxf3+ 0-1